The body of the nation
| Titel: | The body of the nation : the texts of Libuše Moníková |
|---|---|
| Verfasser: | |
| In: |
Monatshefte für deutschen Unterricht, deutsche Sprache und Literatur, Band 89, Heft 4 (1997), Seite 489/506 alle Artikel anzeigen |
| Veröffentlicht: | 1997 |
| Format: | Aufsatz |
| Sprache: | Sprache nicht angegeben |
X
alg: 13123594
001A $04504:23-08-05
001B $03025:18-07-25 $t14:42:43.000
001C $04504:28-12-12 $t17:18:46.000
001D $04504:23-08-05
001U $0utf8
001X $00
002@ $0Aox
003@ $013123594X
007A $013123594X $aHEB
007E $0103134
010@ $aund
011@ $a1997
021A $aThe @body of the nation $dthe texts of Libuše Moníková
028A $#Braunbeck, H. G. $71173334599 $8Braunbeck, Helga G.$Z1955- [Tp3] $9439964695
031A $d89 $e4 $h489/506 $j1997
039B $aIn $8--Abvc--. Monatshefte für deutschen Unterricht, deutsche Sprache und Literatur. - Madison, Wis. {[u.a.] : Univ. of Wisconsin Press, 1946-1998. - ISSN 0026-9271 $x199700000890004511 $9047290943
044K $#Monikova, Libusa $7115720774 $8Moníková, Libuše$Z1945-1998 [Tp1] $9086827251
044K $#Nation-state $#Nation $#Nation $#Nation $#Nation $#National $#Nationalgedanke $#Nationale Frage Nation $#Nationen $74041279-9 $8Nation [Ts1] $9085112968
045F $a809 $eDDC23BSB
045F/01 $a809
045F/03 $f0904
045F/03 $g4371
045F/03 $g43
045T $a5,3
045T $aLING $qDE-30 $2FID
045T $aGER $qDE-30 $2FID
045V $818.14.00$jZu einzelnen Autoren [Tkx] $911884380X
lok: 13123594 62
exp: 13123594 62 1 #EPN
201B/01 $023-06-15 $t16:00:50.000
201U/01 $0utf8
203@/01 $0287410862
206W/01 $0perSW-1 28.12.2012 17:18:46
206W/01 $0s3090
206W/01 $0sachSW-1 19.06.2015 12:30:46
206W/01 $0r30712
208@/01 $a09-08-05 $be
209A/01 $a/ $f000 $x00
209B/01 $a1998 $x05
244Z/01 $aMoníková, Libuše $x01
244Z/01 $aNation $x02
244Z/01 $aNation (Moníková) $x03
247C/01 $8Frankfurt, Bibliographie der Deutschen Sprach- und Literaturwissenschaft $9113214561
lok: 13123594 78
exp: 13123594 78 1 #EPN
201B/01 $018-07-25 $t14:42:43.000
201C/01 $018-07-25
201U/01 $0utf8
203@/01 $0131412644X
208@/01 $a18-07-25 $be
209A/01 $a/ $f000 $x00
209A/01 $ab*p $x01
220C/01 $apgar
244Z/01 $#Böhmische Kronländer $#Länder der Böhmischen Krone $#Sudetenland $#Böhmen $#Mähren $#Mährisch-Schlesien $#Österreichisch-Schlesien $#Tschechische Sozialistische Republik Böhmische Länder $#Tschechei Böhmische Länder $#Země koruny české $74069573-6 $8--Tg1--Böhmische Länder $x03 $9085195553
247C/01 $82080>Marburg/Lahn, Herder-Institut, Forschungsbibliothek, Bibliographieportal $9336309341
| LEADER | 00000caa a22000002c 4500 | ||
|---|---|---|---|
| 001 | 13123594X | ||
| 003 | DE-603 | ||
| 005 | 20250718144243.0 | ||
| 007 | tu | ||
| 008 | 050823s1997 xx |||| | u00||u|und c | ||
| 035 | |a (DE-599)HEB13123594X | ||
| 040 | |a DE-603 |b ger |c DE-603 |d DE-603 | ||
| 041 | |a und | ||
| 082 | 0 | 4 | |8 1\u |a 809 |q DE-101 |2 23/BSB |
| 084 | |a 5,3 |2 ssgn | ||
| 084 | |a LING |q DE-30 |2 fid | ||
| 084 | |a GER |q DE-30 |2 fid | ||
| 085 | |8 1\u |b 809 | ||
| 085 | |8 1\u |z 1 |s 0904 | ||
| 085 | |8 1\u |z 2 |s 4371 | ||
| 085 | |8 1\u |z 2 |s 43 | ||
| 100 | 1 | |a Braunbeck, Helga G. |d 1955- |0 (DE-603)439964695 |0 (DE-588)1173334599 |2 gnd | |
| 245 | 0 | 0 | |a The body of the nation |b the texts of Libuše Moníková |
| 264 | 0 | |c 1997 | |
| 600 | 1 | 7 | |a Moníková, Libuše |d 1945-1998 |0 (DE-588)115720774 |0 (DE-603)086827251 |2 gnd |
| 650 | 7 | |a Nation |0 (DE-588)4041279-9 |0 (DE-603)085112968 |2 gnd | |
| 773 | 0 | 8 | |i In |t Monatshefte für deutschen Unterricht, deutsche Sprache und Literatur |d Madison, Wis. [u.a.] : Univ. of Wisconsin Press, 1946-1998 |h 26 cm |x 0026-9271 |g Band 89, Heft 4 (1997), Seite 489/506 |w (DE-603)047290943 |w (DE-600)206481-9 |
| 924 | 0 | |9 603 |a (DE-603)287410862 |b DE-603 |c HES |d d | |
| 924 | 0 | |9 2080 |a (DE-603)131412644X |b DE-2080 |c HES |d d |g / | |


